000 01375 a2200181 4500
003 Nust
005 20221025161002.0
020 _a817319162X
040 _cNust
082 _a621.3,GHO
100 _aS.N.Ghosh
_913251
245 _aElectromagnetic theory & wave propagation /
_cS. N. Ghosh
260 _aLondon
_bNarosa publishing house
_c1998
300 _a258p
505 _aMaxwell’s Field Equation and Practical Demonstration of Electromagnetic Waves (Page-1), Propagations of E.M. Waves Through Insulator and Conductor (Page-19), E.M.Energy Flow and Boundary Condition (Page-25), Solution of Electromagnetic Wave Equation (Page-35), Units of Electromagnetic Quantities (Page-42), Waveguides , Fiber Optic and Optical Communication (Page-53), ground Wave Propagation (Page-81), Propagation of LF,VLF and ELF Wave (Page-93), Propagation Through Troposphere (Page-108), Ionosphere Work Up to World War ii and Rocket and Satellite – Borne Lonospheric Experiments (Page-120), Incoherent Scatter Radar and Ionosphere (page-144)Trapped Radiation in a Dipole Magnetic Field – Van Allen Radiation Belt (Page-169), Whistler Propagation (Page-188), MHD Waves and MHD Generators (Page-198), Satellite Communication (Page-207), Propagation of Microwaves and Millimeter Waves (Page-221).
650 _aElectromagnetic theory & wave propagation
_9101382
942 _2ddc
_cBK
999 _c190537
_d190537